00568nam a2200193Ia 4500003000400000005001700004008004100021020002200062040000700084041000800091082001300099100001600112245009900128260005100227300001500278365001300293440004400306650002400350OSt20230529141939.0210423s2014 xx 000 0 und d a978-1-4704-2598-2 cAL aeng a531 LEVC aLEVI (Mark) aClassical mechanics with calculus of variations and optimal control: an intuitive introduction aHyderabadbAmerican mathematical societyc2014 axx,299bPB b960cINR aStudent mathematical library Vol 69v69 aClassical Mechanics